Microsoft Expression Web 3 : (Record no. 9023)
[ view plain ]
| 000 -LEADER | |
|---|---|
| fixed length control field | 01613cam a22003497i 4500 |
| 001 - CONTROL NUMBER | |
| control field | 16149930 |
| 003 - CONTROL NUMBER IDENTIFIER | |
| control field | OSt |
| 005 - DATE AND TIME OF LATEST TRANSACTION | |
| control field | 20220621130616.0 |
| 008 - FIXED-LENGTH DATA ELEMENTS--GENERAL INFORMATION | |
| fixed length control field | 100323s2011 maua 001 0 eng |
| 010 ## - LIBRARY OF CONGRESS CONTROL NUMBER | |
| LC control number | 2010925379 |
| 020 ## - INTERNATIONAL STANDARD BOOK NUMBER | |
| International Standard Book Number | 9780538474443 |
| 040 ## - CATALOGING SOURCE | |
| Original cataloging agency | D LC |
| Language of cataloging | eng |
| Description conventions | rda |
| Transcribing agency | LC |
| 050 00 - LIBRARY OF CONGRESS CALL NUMBER | |
| Classification number | TK5105.888.S541 |
| 100 1# - MAIN ENTRY--PERSONAL NAME | |
| Personal name | Shelly, Gary B., |
| Relator term | author. |
| 245 10 - TITLE STATEMENT | |
| Title | Microsoft Expression Web 3 : |
| Remainder of title | comprehensive / |
| Statement of responsibility, etc. | Gary B. Shelly, Jennifer T. Campbell, Ollie Rivers. |
| 250 ## - EDITION STATEMENT | |
| Edition statement | Comprehensive |
| 260 ## - PUBLICATION, DISTRIBUTION, ETC. | |
| Place of publication, distribution, etc. | Boston, Massachusetts |
| Name of publisher, distributor, etc. | Course Technology/Cengage Learning, |
| 264 #1 - PRODUCTION, PUBLICATION, DISTRIBUTION, MANUFACTURE, AND COPYRIGHT NOTICE | |
| Place of production, publication, distribution, manufacture | Boston, Massachusetts : |
| Name of producer, publisher, distributor, manufacturer | Course Technology/Cengage Learning, |
| Date of production, publication, distribution, manufacture, or copyright notice | [2011] |
| 300 ## - PHYSICAL DESCRIPTION | |
| Extent | 1 volume (various pagings) : |
| Other physical details | color illustrations ; |
| Dimensions | 28 cm. |
| 336 ## - CONTENT TYPE | |
| Content type term | text |
| Content type code | txt |
| Source | rdacontent |
| 337 ## - MEDIA TYPE | |
| Media type term | unmediated |
| Media type code | n |
| Source | rdamedia |
| 338 ## - CARRIER TYPE | |
| Carrier type term | volume |
| Carrier type code | nc |
| Source | rdacarrier |
| 490 0# - SERIES STATEMENT | |
| Series statement | Shelly Cashman series |
| 500 ## - GENERAL NOTE | |
| General note | Minimal Level Cataloging Plus. |
| Institution to which field applies | DLC |
| 500 ## - GENERAL NOTE | |
| General note | Includes index. |
| 505 ## - FORMATTED CONTENTS NOTE | |
| Formatted contents note | Content: Creating an expression web site -- Working with images and links -- Working with template and styles -- Creating styles and layouts with CSS -- Working data tables and inline frames -- Adding interactivity -- E-commerce -- Working with forms -- Working a web site with CSS-based templates -- Testing and publishing your web site -- Marketing and maintaining a web site. |
| 630 00 - SUBJECT ADDED ENTRY--UNIFORM TITLE | |
| Uniform title | Microsoft Expression Web. |
| 650 #0 - SUBJECT ADDED ENTRY--TOPICAL TERM | |
| Topical term or geographic name entry element | Web sites |
| General subdivision | Authoring programs. |
| 906 ## - LOCAL DATA ELEMENT F, LDF (RLIN) | |
| a | 7 |
| b | cbc |
| c | orignew |
| d | 4 |
| e | epcn |
| f | 20 |
| g | y-gencatlg |
| 942 ## - ADDED ENTRY ELEMENTS (KOHA) | |
| Source of classification or shelving scheme | Library of Congress Classification |
| Koha item type | Books |
| Withdrawn status | Lost status | Source of classification or shelving scheme | Damaged status | Not for loan | Home library | Current library | Shelving location | Date acquired | Total Checkouts | Full call number | Barcode | Date last seen | Copy number | Price effective from | Koha item type |
|---|---|---|---|---|---|---|---|---|---|---|---|---|---|---|---|
| Library of Congress Classification | WISCONSIN INTERNATIONAL UNIVERSITY COLLEGE, GHANA KUMASI LIBRARY | WISCONSIN INTERNATIONAL UNIVERSITY COLLEGE, GHANA KUMASI LIBRARY | General Stacks | 15/11/2019 | TK5105.888.S541 | K/2329/2329/19 | 21/06/2022 | 1 | 21/06/2022 | Books | |||||
| Library of Congress Classification | WISCONSIN INTERNATIONAL UNIVERSITY COLLEGE, GHANA KUMASI LIBRARY | WISCONSIN INTERNATIONAL UNIVERSITY COLLEGE, GHANA KUMASI LIBRARY | General Stacks | 15/11/2019 | TK5105.888.S542 | K/2330/2330/19 | 21/06/2022 | 2 | 21/06/2022 | Books | |||||
| Library of Congress Classification | WISCONSIN INTERNATIONAL UNIVERSITY COLLEGE, GHANA KUMASI LIBRARY | WISCONSIN INTERNATIONAL UNIVERSITY COLLEGE, GHANA KUMASI LIBRARY | General Stacks | 15/11/2019 | TK5105.888.S543 | K/2331/2331/19 | 21/06/2022 | 3 | 21/06/2022 | Books | |||||
| Library of Congress Classification | WISCONSIN INTERNATIONAL UNIVERSITY COLLEGE, GHANA KUMASI LIBRARY | WISCONSIN INTERNATIONAL UNIVERSITY COLLEGE, GHANA KUMASI LIBRARY | General Stacks | 15/11/2019 | TK5105.888.S544 | K/2311/2311/19 | 21/06/2022 | 4 | 21/06/2022 | Books | |||||
| Library of Congress Classification | WISCONSIN INTERNATIONAL UNIVERSITY COLLEGE, GHANA KUMASI LIBRARY | WISCONSIN INTERNATIONAL UNIVERSITY COLLEGE, GHANA KUMASI LIBRARY | General Stacks | 15/11/2019 | TK5105.888.S545 | K/2312/2312/19 | 21/06/2022 | 5 | 21/06/2022 | Books | |||||
| Library of Congress Classification | WISCONSIN INTERNATIONAL UNIVERSITY COLLEGE, GHANA KUMASI LIBRARY | WISCONSIN INTERNATIONAL UNIVERSITY COLLEGE, GHANA KUMASI LIBRARY | General Stacks | 15/11/2019 | TK5105.888.S546 | K/2313/2313/19 | 21/06/2022 | 6 | 21/06/2022 | Books | |||||
| Library of Congress Classification | WISCONSIN INTERNATIONAL UNIVERSITY COLLEGE, GHANA KUMASI LIBRARY | WISCONSIN INTERNATIONAL UNIVERSITY COLLEGE, GHANA KUMASI LIBRARY | General Stacks | 15/11/2019 | TK5105.888.S54 | K/2328/2328/19 | 21/06/2022 | 21/06/2022 | Books |
